Champions universels de la WWE - Statistiques

Statistiques générales
  • Ce quiz a été pris 2 186 fois
    2 170 depuis la dernière actualisation
  • Le résultat moyen est 10 sur 11
Statistiques - réponses
Réponse % Correct
5 Roman Reigns
97%
4 Brock Lesnar
94%
6 Brock Lesnar
94%
8 Brock Lesnar
94%
7 Seth Rollins
93%
9 Seth Rollins
93%
1 Finn Bálor
87%
2 Kevin Owens
80%
3 Goldberg
76%
11 Goldberg
76%
10 Bray Wyatt
73%
Aucun quiz correspondant
Distribution des résultats
% des personnes avec chaque résultat
Percentile par nombre de réponses
Votre historique - résultats
Vous n’avez pas pris ce quiz depuis la dernière actualisation